| 000 | 01619cam a22003251 4500 | ||
|---|---|---|---|
| 999 |
_c7485 _d7485 |
||
| 001 | 7485 | ||
| 003 | BD-JhCC | ||
| 005 | 20180301130732.0 | ||
| 008 | 730726m19511969enkabcf b 000 0 eng | ||
| 035 | _a(BD-JhCC)7485 | ||
| 035 | _a(OCoLC)664485 | ||
| 040 |
_aDLC _cOWoC _dOCoLC _dOAkU _dOYU _dCLU _dDLC _dBD-JhCC |
||
| 041 | _aeng | ||
| 050 | 0 | 0 |
_aDS436.A1 _bH5 |
| 082 |
_a954 _bHIS 1969 |
||
| 245 | 0 | 4 |
_aThe History and culture of the Indian people : _bBritish paramountcy and Indian renaissance / _cGeneral editor: R.C. Majumdar; assistant editor: A.D. Pusalkar. |
| 260 |
_aLondon, _bG. Allen & Unwin _c[1951-1969] |
||
| 300 |
_a11 v. _billus., plates, ports., maps. _c24 cm. |
||
| 500 | _aHalf title, v. 1: The Bhāratīya Itihāsa Samiti's History and culture of the Indian people; v. 2- : Bharitiya Vidya Bhavan's History and culture of the Indian people. | ||
| 500 | _aVols. 2- have imprint: Bombay, Bharatiza Vidya Bhavan. | ||
| 504 | _aIncludes bibliographies. | ||
| 505 | 0 | _av. 1. The Vedic age.--v. 2. The age of imperial unity.--v. 3. The classical age.--v. 4. The age of imperial Kanauj.--v. 5. The struggle for empire.--v. 6. The Delhi sultanate.--v. 7. The Mughal empire.--v. 8. The Maratha supremacy.--v. 9. British paramountcy and Indian renaissance, pt. 1.--v. 10. British paramountcy and Indian renaissance, pt. 2.--v. 11. Struggle for freedom. | |
| 651 | 0 |
_aIndia _xHistory. |
|
| 651 | 0 |
_aIndia _xCivilization. |
|
| 700 | 1 |
_aMajumdar, R. C. _q(Ramesh Chandra), _d1888-1980. |
|
| 710 | 2 | _aBharatiya Vidya Bhavan. | |
| 710 | 2 | _aBhāratīya Itihāsa Samiti. | |
| 942 |
_2ddc _cBK |
||